Economic reforms and technical efficiency: a study of selected Indian industries (Record no. 53945)

000 -LEADER
fixed length control field 00455pab a2200157 454500
008 - FIXED-LENGTH DATA ELEMENTS--GENERAL INFORMATION
fixed length control field 180718b xxu||||| |||| 00| 0 eng d
100 ## - MAIN ENTRY--PERSONAL NAME
Personal name Mallikarjun, M.
245 ## - TITLE STATEMENT
Title Economic reforms and technical efficiency: a study of selected Indian industries
300 ## - PHYSICAL DESCRIPTION
Extent p.559-68.
650 ## - SUBJECT ADDED ENTRY--TOPICAL TERM
Topical term or geographic name entry element Economic reform - India
650 ## - SUBJECT ADDED ENTRY--TOPICAL TERM
Topical term or geographic name entry element India - Industries
650 ## - SUBJECT ADDED ENTRY--TOPICAL TERM
Topical term or geographic name entry element Industry
700 ## - ADDED ENTRY--PERSONAL NAME
Personal name Thakar, Kasyap
773 ## - HOST ITEM ENTRY
Main entry heading Indian Journal of Economics
909 ## -
-- 53945
Holdings
Withdrawn status Lost status Damaged status Not for loan Permanent Location Current Location Date acquired Serial Enumeration / chronology Barcode Date last seen Price effective from Koha item type
        Indian Institute of Public Administration Indian Institute of Public Administration 2018-07-19 Volume no: 82, Issue no: 327 AR54390 2018-07-19 2018-07-19 Articles

Powered by Koha